000 00581nam a22001817a 4500
003 UA-OsUOA
001 18761
007 ta
008 20040609b un ||||| |||| 00| 0 ukr d
100 _aЛука Т.
942 _cSA
040 _aUA-OsUOA
_cUA-OsUOA
_dUA-OsUOA
245 _aПриродний рух населення
_b[Населення Рокитнів. р-ну станом на 1 січ. 2004 р.]
300 _aС.2
955 _a0
773 0 _w0
_tРокитнівщина
_dРокитне
_d2004
_g№41/26 трав./
650 7 _aКраєзнавча робота
_2UDC
999 _c304932
_d304932